000 01726cam a22004577a 4500
001 000091368
003 CHAP
005 20220329142807.0
008 031022s2003 mx r 00010 spa d
010 _a87837
011 _a88809
035 _a99354
040 _cCHAP
090 _aTesis
100 0 0 _aGarcía Jiménez, Rodolfo
_946150
245 1 0 _aExportación de frutas frescas de México a paises Europeos :
_bel caso del aguacate y mango /
_c/por Rodolfo García Jiménez y Evelia Oble Vergara.
260 _aChapingo, Méx. :
_bEl autor,
_c2003.
300 _a107 h. ; :
_bgráfs.
502 _aTesis (Lic. en Comercio Internacional de Productos Agropecuarios) -- UACH. División de Ciencias Económico Administrativas
530 _aTambién disponible en línea
590 _aALEPH
_b10
_c20130110
_lUCH01
_h1456
590 _aBATCH-UPD
_b10
_c20130110
_lUCH01
_h0603
590 _aBATCH-UPD
_b10
_c20130410
_lUCH01
_h0244
590 _aBATCH-UPD
_b10
_c20130913
_lUCH01
_h2306
590 _aBATCH-UPD
_b10
_c20140324
_lUCH01
_h1441
590 _aBATCH-UPD
_b10
_c20141002
_lUCH01
_h0820
590 _aCONVERSION
_b10
_c20130109
_lUCH01
_h1349
590 _aE11695DGD
_b10
_c20150415
_lUCH01
_h0909
650 1 4 _aAguacate
_xExportacion.
_92515
650 1 4 _aFruta
_xEvaluación.
_943614
650 1 4 _aMango
_xExportación.
_970415
650 1 4 _aMéxico
_xComercio
_xEuropa.
_976686
700 0 _aOble Vergara, Evelia.
_982519
856 _3Finding aid
_uhttp://10.13.5.2/tesis/99354.pdf
_zTeclea aqui
901 _aBK
905 _aMayto Villalobos S.
942 _cFOLL
942 _n0
949 _aTesis
_bBC
_cTES
_d33724000892840
_eTS2
_fc.2
_h41410
_i99354
_si
949 _aTesis
_bBC
_cTES
_d99354123
_eTS1
_h41409
_i99354
_sb
999 _c87837
_d87837